Working women of Manila in the 19th century (Record no. 3135)
[ view plain ]
| 000 -LEADER | |
|---|---|
| fixed length control field | 01294nam a2200337 a 4500 |
| 001 - CONTROL NUMBER | |
| control field | 8104599 |
| 003 - CONTROL NUMBER IDENTIFIER | |
| control field | WaSeSS |
| 005 - DATE AND TIME OF LATEST TRANSACTION | |
| control field | 20140310181749.0 |
| 006 - FIXED-LENGTH DATA ELEMENTS--ADDITIONAL MATERIAL CHARACTERISTICS--GENERAL INFORMATION | |
| fixed length control field | m d |
| 007 - PHYSICAL DESCRIPTION FIXED FIELD--GENERAL INFORMATION | |
| fixed length control field | cr n |
| 008 - FIXED-LENGTH DATA ELEMENTS--GENERAL INFORMATION | |
| fixed length control field | 960217s1995 ph a ob f001 0 eng d |
| 020 ## - INTERNATIONAL STANDARD BOOK NUMBER | |
| International Standard Book Number | 9715420591 |
| 035 ## - SYSTEM CONTROL NUMBER | |
| System control number | (WaSeSS)ssj0000085092 |
| 040 ## - CATALOGING SOURCE | |
| Original cataloging agency | DLC |
| Transcribing agency | DLC |
| Modifying agency | WaSeSS |
| 042 ## - AUTHENTICATION CODE | |
| Authentication code | lcode |
| 043 ## - GEOGRAPHIC AREA CODE | |
| Geographic area code | a-ph--- |
| 050 00 - LIBRARY OF CONGRESS CALL NUMBER | |
| Classification number | HD 6195 |
| Item number | .C172 1995 |
| 082 ## - DEWEY DECIMAL CLASSIFICATION NUMBER | |
| -- | FIL 331.4 |
| Item number | C14 1995 |
| 100 1# - MAIN ENTRY--PERSONAL NAME | |
| Personal name | Camagay, Maria Luisa T. |
| 245 10 - TITLE STATEMENT | |
| Title | Working women of Manila in the 19th century |
| Medium | [electronic resource] / |
| Statement of responsibility, etc | Ma. Luisa Camagay. |
| 260 ## - PUBLICATION, DISTRIBUTION, ETC. (IMPRINT) | |
| Place of publication, distribution, etc | [Manila] : |
| Name of publisher, distributor, etc | University of the Philippines Press and the University Center for Women Studies, |
| Date of publication, distribution, etc | 1995. |
| 300 ## - PHYSICAL DESCRIPTION | |
| Extent | x, 197 p. : |
| Other physical details | ill. ; |
| Dimensions | 23 cm. |
| 504 ## - BIBLIOGRAPHY, ETC. NOTE | |
| Bibliography, etc | Includes bibliographical references (p. [131]-142) and index. |
| 506 ## - RESTRICTIONS ON ACCESS NOTE | |
| Terms governing access | Licensed for access by U. of T. users. |
| 521 ## - TARGET AUDIENCE NOTE | |
| Target audience note | |
| 650 #0 - SUBJECT ADDED ENTRY--TOPICAL TERM | |
| Topical term or geographic name as entry element | Working class women |
| Geographic subdivision | Philippines |
| -- | Manila. |
| 710 2# - ADDED ENTRY--CORPORATE NAME | |
| Corporate name or jurisdiction name as entry element | University of the Philippines. |
| Subordinate unit | University Center for Women's Studies. |
| 856 40 - ELECTRONIC LOCATION AND ACCESS | |
| Link text | ACLS Humanities E-Book |
| Uniform Resource Identifier | <a href="http://myaccess.library.utoronto.ca/login?url=http://hdl.handle.net/2027/heb.04441">http://myaccess.library.utoronto.ca/login?url=http://hdl.handle.net/2027/heb.04441</a> |
| 942 ## - ADDED ENTRY ELEMENTS (KOHA) | |
| Source of classification or shelving scheme | Library of Congress Classification |
| Koha item type | |
| Call number prefix | Filipininana |
| 949 ## - LOCAL PROCESSING INFORMATION (OCLC) | |
| a | HD6195.Z6 [ID ssj0000085092] |
| c | 1 |
| l | ONLINE |
| m | E_RESOURCE |
| t | E_RESOURCE |
| Withdrawn status | Lost status | Source of classification or shelving scheme | Damaged status | Home library | Current library | Shelving location | Date acquired | Total Checkouts | Full call number | Barcode | Date last seen | Copy number | Price effective from | Koha item type |
|---|---|---|---|---|---|---|---|---|---|---|---|---|---|---|
| Library of Congress Classification | Luxembourg Library | Luxembourg Library | Filipiniana Section | 06/26/2013 | HD 6195 .C172 1995 | 6546 | 08/13/2013 | 1 | 06/26/2013 | Books |